000 01187nam a22002777a 4500
001 BD-DhSAU 8958
003 BD-DhSAU
005 20181223151952.0
008 150613b2007 bg a|||| m||| 00| 0 eng d
040 _aBD-DhSAU
082 _222
_a635
_bN141
100 _aNaher, Nazmoon
_eRegistration # 27480/00675
245 _aEffect of organic manure and seedling age on growth and yield of chinese cabbage (Brassica campestris var. pekinensis) /
_bMS thesis
_cNazmoon Naher
260 _aSher-e-Bangla Agricultural University :
_bDepartment of Horticulture & Postharvest Technology,
_c2007.
300 _avii, 72 p. :
_bill. ;
_c30 cm.
500 _aMS thesis of Department of Horticulture, Faculty of Agriculture, Sher-e-Bangla Agricultural University, Dhaka, Bangladesh
504 _aIncludes bibliographical reference.
590 _aJerin
650 _aHorticulture & Postharvest Technology
650 _aorganic manure
650 _achinese cabbage
700 _aAkand, Md. Hasanuzzaman
_eSuperviser
700 _aMahtabuddin, A. K. M.
_eCo-superviser
856 _u http://archive.saulibrary.edu.bd:8080/xmlui/handle/123456789/1137
942 _2ddc
_cTHESIS
999 _c8958
_d8958